<?xml version="1.0" encoding="UTF-8"?>
<marc:record xmlns:marc="http://www.loc.gov/MARC21/slim">
   <marc:leader>00000nam a2200000 a 4500</marc:leader>
   <marc:datafield ind1="1" ind2=" " tag="100">
      <marc:subfield code="a">Both, Sarah</marc:subfield>
      <marc:subfield code="4">aut</marc:subfield>
      <marc:subfield code="e">Verfasser/-in</marc:subfield>
   </marc:datafield>
   <marc:datafield ind1=" " ind2=" " tag="653">
      <marc:subfield code="a">Hund</marc:subfield>
   </marc:datafield>
   <marc:datafield ind1=" " ind2=" " tag="653">
      <marc:subfield code="a">Hunde</marc:subfield>
   </marc:datafield>
   <marc:datafield ind1=" " ind2=" " tag="653">
      <marc:subfield code="a">Hundeerziehung</marc:subfield>
   </marc:datafield>
   <marc:datafield ind1=" " ind2=" " tag="653">
      <marc:subfield code="a">Hundetraining</marc:subfield>
   </marc:datafield>
   <marc:datafield ind1=" " ind2=" " tag="653">
      <marc:subfield code="a">Welpenerziehung</marc:subfield>
   </marc:datafield>
   <marc:datafield ind1=" " ind2=" " tag="653">
      <marc:subfield code="a">Welpen</marc:subfield>
   </marc:datafield>
   <marc:datafield ind1=" " ind2=" " tag="653">
      <marc:subfield code="a">Hundeschule</marc:subfield>
   </marc:datafield>
   <marc:datafield ind1=" " ind2=" " tag="653">
      <marc:subfield code="a">Welpenschule</marc:subfield>
   </marc:datafield>
   <marc:datafield ind1=" " ind2=" " tag="653">
      <marc:subfield code="a">Welpentraining</marc:subfield>
   </marc:datafield>
   <marc:datafield ind1=" " ind2=" " tag="653">
      <marc:subfield code="a">Softcover / Ratgeber/Natur/Hobbytierhaltung</marc:subfield>
   </marc:datafield>
   <marc:datafield ind1="0" ind2="0" tag="245">
      <marc:subfield code="a">Hundetraining für Welpen und Junghunde</marc:subfield>
   </marc:datafield>
   <marc:datafield ind1="0" ind2="0" tag="245">
      <marc:subfield code="b">Welpenerziehung inkl. Stubenreinheit, Beißhemmung, Grunderziehung, Sozialisierung, Leinenführigkeit, Verhaltensentwicklung, Pubertät, Junghundeprobleme</marc:subfield>
   </marc:datafield>
   <marc:datafield ind1="0" ind2="0" tag="245">
      <marc:subfield code="c">Sarah Both</marc:subfield>
   </marc:datafield>
   <marc:datafield ind1=" " ind2="1" tag="264">
      <marc:subfield code="a">Hamburg</marc:subfield>
      <marc:subfield code="b">tredition</marc:subfield>
      <marc:subfield code="c">2020</marc:subfield>
   </marc:datafield>
   <marc:datafield ind1=" " ind2=" " tag="250">
      <marc:subfield code="a">1. Auflage</marc:subfield>
   </marc:datafield>
   <marc:datafield ind1="1" ind2=" " tag="520">
      <marc:subfield code="a">Angaben aus der Verlagsmeldung

Hundetraining für Welpen und Junghunde : Welpenerziehung inkl. Stubenreinheit, Beißhemmung, Grunderziehung, Sozialisierung, Leinenführigkeit, Verhaltensentwicklung, Pubertät, Junghundeprobleme / von Sarah Both

Der Welpe zieht ein und eine spannende Zeit beginnt!

Du fragst dich...
- Welcher Hund ist der richtige für mich?
- Was soll mein Hund lernen?
- Wie lernt ein Hund, wie kann ich ihm beibringen, was ich möchte?
- Wie wird er stubenrein?
- Gibt es den Welpenschutz?
- Sollen wir in eine Welpengruppe gehen?
- Wie lernt er, mit anderen Hunden freundlich umzugehen?
- Was tun, wenn der Hund Angst hat?
- Hilfe, was mach ich, wenn der Welpe beißt?
- Wie werde ich zum souveränen Partner?
- Wie lernt der Hund, an lockerer Leine zu laufen?
- Wie bringe ich ihm den Rückruf bei?

Fragen über Fragen! All diese und noch viele mehr werden im Buch beantwortet.

In diesem Buch findest Du KEINE Zaubertricks, sondern hilfreiche Anleitungen. Ansätze, die Mut machen, Stress nehmen und dir helfen, für deinen Hund und dich den passenden Weg zu finden.
</marc:subfield>
   </marc:datafield>
   <marc:datafield ind1=" " ind2=" " tag="020">
      <marc:subfield code="a">9783347013650</marc:subfield>
      <marc:subfield code="9">9783347013650</marc:subfield>
   </marc:datafield>
   <marc:datafield ind1=" " ind2=" " tag="020">
      <marc:subfield code="a">3347013654</marc:subfield>
      <marc:subfield code="9">3347013654</marc:subfield>
   </marc:datafield>
   <marc:datafield ind1=" " ind2=" " tag="041">
      <marc:subfield code="a">ger</marc:subfield>
   </marc:datafield>
   <marc:datafield ind1=" " ind2=" " tag="300">
      <marc:subfield code="a">176 Seiten</marc:subfield>
   </marc:datafield>
</marc:record>
